00502nam a22001697a 450000500170000001000150001702000260003203500130005803700130007108200080008410000220009224500960011426000460021027000340025630000230029050000190031320150928114804.0 aENG-113661 a9788189430313c295.00 aEN-97193 bDBAD/PUB a230 aKriyananda, Swami aReligion in the new age :cby Swami Kriyanandaband other essays for the spiritual seeker / aGurgaonbAnanda Sangha Publicationsc2010 bGurgaonaB-10/8, DLF Phase- I ax,401p.c22cm(pbk) aIncludes index